Пенрик и Дездемона. Кн. 1 (Запись № 13331991)

Подробности
000 -МАРКЕР
контрольное поле 01312nam2a2200265 4500
001 - ИДЕНТИФИКАТОР ЗАПИСИ
контрольное поле RU\NLR\BIBL_A\022390189
005 - ИДЕНТИФИКАТОР ВЕРСИИ
контрольное поле 20260213160130.0
010 ## - МЕЖДУНАРОДНЫЙ СТАНДАРТНЫЙ НОМЕР КНИГИ (ISBN)
Номер (ISBN) 978-5-17-153981-8
Тираж 2500
021 ## - НОМЕР ГОСУДАРСТВЕННОЙ РЕГИСТРАЦИИ
Код страны Российская Федерация
Номер КН-П-24-062959
Номер Листа государственной регистраци КН-П-24-6253
035 ## - ДРУГИЕ СИСТЕМНЫЕ НОМЕРА
Идентификатор записи (NLR Aleph) 022390189
100 ## - ДАННЫЕ ОБЩЕЙ ОБРАБОТКИ
Данные общей обработки 20241125d2024 u y0rusy50 ca
101 1# - ЯЗЫК РЕСУРСА
Язык текста, звукозаписи и т.д. русский
Язык оригинала английский
102 ## - СТРАНА ПУБЛИКАЦИИ ИЛИ ПРОИЗВОДСТВА
Страна публикации Российская Федерация
105 ## - ПОЛЕ КОДИРОВАННЫХ ДАННЫХ: ТЕКСТОВЫЕ МАТЕРИАЛЫ, МОНОГРАФИЧЕСКИЕ
Кодированные данные о монографическом текстовом документе a z 000ay
200 0# - ЗАГЛАВИЕ И СВЕДЕНИЯ ОБ ОТВЕТСТВЕННОСТИ
Основное заглавие Кн. 1
210 ## - ПУБЛИКАЦИЯ, РАСПРОСТРАНЕНИЕ И ДР.
Дата издания, распространения и т.д. 2024
215 ## - ФИЗИЧЕСКАЯ ХАРАКТЕРИСТИКА
Специфическое обозначение материала и объем 524, [2] с.
Другие сведения о физической характеристике ил.
Сопроводительный материал 1 отд. л. цв. карта
327 1# - ПРИМЕЧАНИЯ О СОДЕРЖАНИИ
Текст примечания Содерж.: Демон Пенрика; Пенрик и шаман; Лиса Пенрика; Маскарад в Лоди
461 #0 - УРОВЕНЬ НАБОРА
Встроенное поле 001RU\NLR\BIBL_A\022390188
-- 2001#$aПенрик и Дездемона$fЛоис Макмастер Буджолд$gперевод с английского К. Егоровой$gиллюстрация Е. Ферез$vКн. 1
-- 700#1$aБуджолд$bЛ. М.$f1949-$gЛоис Макмастер$3RU\NLR\AUTH\770220342
Системный номер (АБИС) связанной записи 13551547
Автор Буджолд, Л. М. (1949-)
Место публикации Москва
Дата публикации 2024
Первые сведения об ответственности Лоис Макмастер Буджолд
Имя издателя, распространителя и т.д. АСТ
Сведения, относящиеся к заглавию [сборник]
Заглавие Пенрик и Дездемона
Номер тома Кн. 1
942 ## - ДОПОЛНИТЕЛЬНЫЕ ЭЛЕМЕНТЫ ЗАПИСИ (АБИС)
Тип экземпляра АБИС Книга
980 ## - КОЛЛЕКЦИЯ
Название коллекции Национальная библиография
Экземпляры
Тип экземпляра Дата поступления Источник поступления Стоимость Библиотека постоянного хранения Библиотека текущего хранения Место хранения Шифр хранения Штрих-код Статус экземпляра
Книга 25.11.2024 Обязательный экземпляр 0.00 РНБ (Московский) РНБ (Московский) Русский книжный фонд: издания с 1957 года 2024-5/9074 1-4509949  
Книга 25.11.2024 Обязательный экземпляр 0.00 РНБ (Московский) РНБ (Московский) Русский книжный фонд: издания с 1957 года 2024-5/9074 1-4509950